The heart and circulation : Second National Conference on Cardiovascular Diseases. Editor: E.C.Andrus; associate editor: C.H.Maxwell.

Saved in:
Bibliographic Details
Corporate Author: National Conference on Cardiovascular Diseases
Other Authors: Andrus, Edwin Cowles, Maxwell, Cyrus H., Coleman, Tom
Format: Conference Proceeding Book
Language:English
Published: Bethseda, Md. : Federation of American Societies for Experimental Biology, 1965.
Subjects:
LEADER 01387nam a22003011 4500
001 c000006872
003 CARM
005 00000000000000.0
008 s1965 mdu 0 eng d
019 1 |a 4046104  |5 LACONCORD2021 
035 |a (OCoLC)216691300  |5 LACONCORD2021 
111 2 0 |a National Conference on Cardiovascular Diseases  |d (2nd) 
245 1 4 |a The heart and circulation :  |b Second National Conference on Cardiovascular Diseases. Editor: E.C.Andrus; associate editor: C.H.Maxwell. 
260 |a Bethseda, Md. :  |b Federation of American Societies for Experimental Biology,  |c 1965. 
300 |a 2 v. in 1. 
500 |a With a digest for community leaders, by T.Coleman. 1965. 
500 |a Digest in back pocket of vol.2. 
505 0 |a Vol.1, Research. Vol.2, Community services & education. 
650 0 |a Cardiovascular diseases. 
700 1 |a Andrus, Edwin Cowles. 
700 1 |a Maxwell, Cyrus H. 
700 1 |a Coleman, Tom. 
852 8 |b CARM  |h A2:AE05D0  |i D00027  |p 0004540  |f BK 
852 8 |b CARM  |h A2:AE05D1  |i D00031  |p 0004502  |f BK 
082 0 4 |a 616.1 
999 f f |i 2026b093-9f97-57e7-a078-67d0367fc977  |s c6c3b1a8-a22b-51da-8d03-ea83c9a3e5da 
952 f f |p Can circulate  |a CAVAL  |b CAVAL  |c CAVAL  |d CARM 1 Store  |e D00031  |f A2:AE05D1  |h Other scheme  |i book  |j vol.2 held  |m 0004502 
952 f f |p Can circulate  |a CAVAL  |b CAVAL  |c CAVAL  |d CARM 1 Store  |e D00027  |f A2:AE05D0  |h Other scheme  |i book  |j vol.1 held  |m 0004540